Public policy and family life

Salvato in:
Dettagli Bibliografici
Autore principale: Brayshaw, A.J
Natura: Libro
Lingua:inglese
Pubblicazione: London Policy Studies Institute 1980
Serie:Discussion Paper No. 3
Tags: Aggiungi Tag
Nessun Tag, puoi essere il primo ad aggiungerne!!

MARC

LEADER 00000nam a2200000 4500
001 c142242
005 20181203150525.0
041 0 |a eng 
044 |a GB 
245 1 0 |a Public policy and family life  |c A.J. Brayshaw 
264 1 |a London  |b Policy Studies Institute  |c 1980 
300 |a 74 s. 
490 1 |a Discussion Paper  |v No. 3 
830 0 |a Discussion Paper  |v No. 3 
100 1 |a Brayshaw, A.J.